[Event "Ancona Ascoli Province-ch"]
[Site "Porto Sant Elpidio"]
[Date "2016.01.29"]
[Round "1"]
[White "Bruni, Emiliano"]
[Black "Cerquetti, Edoardo"]
[Result "1-0"]
[WhiteElo "1784"]
[BlackElo "1388"]
[PlyCount "77"]
[EventDate "2016.01.29"]
[EventType "swiss"]
[EventRounds "5"]
[EventCountry "ITA"]
[SourceTitle "EXT 2018"]
[Source "ChessBase"]
[SourceDate "2017.10.13"]
[SourceVersion "1"]
[SourceVersionDate "2017.10.13"]
[SourceQuality "1"]

1. e4 c5 2. Nf3 d6 3. d4 cxd4 4. Nxd4 a6 5. Nc3 Nf6 6. g3 e5 7. Nde2 Be7 8. Bg2 0-0 9. h3 Be6 10. g4 b5 11. a3 Qc7 12. 0-0 Nbd7 13. Ng3 Nc5 14. g5 Nfd7 15. f4 Bc4 16. Rf2 Ne6 17. Nf5 Rfe8 18. Nxe7+ Rxe7 19. f5 Nef8 20. Qf3 f6 21. h4 b4 22. axb4 Rb8 23. b3 Bb5 24. Nd5 Qd8 25. Nxe7+ Qxe7 26. c4 Bc6 27. Rxa6 Bb7 28. Ra7 Bc8 29. Qc3 fxg5 30. Bxg5 Qf7 31. b5 Rb7 32. Rxb7 Bxb7 33. b4 h6 34. Bd2 Nf6 35. Qd3 Qh5 36. c5 Ng4 37. Qf3 g5 38. c6 gxh4 39. Qb3+ 1-0